Parties without Partisans. Political Change in Advanced Industrial Democracies. Part II: Parties as Political Organizations /

সংরক্ষণ করুন:
গ্রন্থ-পঞ্জীর বিবরন
প্রধান লেখক: Dalton, Russell J
অন্যান্য লেখক: ed. Wattenberg, Martin P ed
বিন্যাস: পাঠ‍্য
প্রকাশিত: New York: Oxford University Press
বিষয়গুলি:
ট্যাগগুলো: ট্যাগ যুক্ত করুন
কোনো ট্যাগ নেই, প্রথমজন হিসাবে ট্যাগ করুন!

MARC

LEADER 00000 a a2200000 04500
001 28799
003
040
020 |a 0 19-925309-9  
090 |a 189605  
100 |a Dalton, Russell J  
245 |a Parties without Partisans. Political Change in Advanced Industrial Democracies. Part II: Parties as Political Organizations /  |c Russell J Dalton 
260 |a New York:   |b Oxford University Press  
300 |a 351 p  
500 |a Contiene listas de gráficos y tablas.Incluye anotación curricular de loContiene listas de gráficos y tablas.Incluye anotación curricular de los autores en pp. xii-xiv  
650 |a PARTIDOS POLITICOS  
650 |a GRUPOS POPULARES  
650 |a PARTIDOS POLITICOS  
650 |a PARTIDOS DEMOCRATICOS  
700 |a ed.   |a Wattenberg, Martin P   |a ed.  
999 |c 8598  |d 8598